书目信息 |
| 题名: |
建筑装饰装修工程
|
|
| 作者: | 杜逸玲 主编 | |
| 分册: | ||
| 出版信息: | 太原 山西科学技术出版社 2006.05 |
|
| 页数: | 349页 | |
| 开本: | 21cm | |
| 丛书名: | 建筑工程施工常见问题防治系列手册 | |
| 单 册: | ||
| 中图分类: | TU767-62 | |
| 科图分类: | ||
| 主题词: | 建筑装饰--jian zhu zhuang shi--工程管理--质量管理--手册 | |
| 电子资源: | ||
| ISBN: | 7-5377-2610-8 | |
| 000 | 01023nam 2200253 450 | |
| 001 | 012006393391 | |
| 005 | 20060926161228.14 | |
| 010 | @a7-5377-2610-8@dCNY22.00 | |
| 100 | @a20060727d2006 km y0chiy0120 ea | |
| 101 | 0 | @achi |
| 102 | @aCN@b140000 | |
| 105 | @aa a 000yy | |
| 200 | 1 | @a建筑装饰装修工程@Ajian zhu zhuang shi zhuang xiu gong cheng@f杜逸玲主编@Fdu yi ling zhu bian |
| 210 | @a太原@c山西科学技术出版社@d2006.05 | |
| 215 | @a349页@c图@d21cm | |
| 225 | 2 | @a建筑工程施工常见问题防治系列手册@Ajian zhu gong cheng shi gong chang jian wen ti fang zhi xi lie shou ce |
| 320 | @a有书目 (第349页)。 | |
| 330 | @a本书共十章,内容包括:地面工程、抹灰工程、门窗工程、吊顶工程、轻质隔墙工程、饰面板(砖)工程、玻璃幕墙工程、涂饰工程、裱糊与软包工程、细部工程等。 | |
| 410 | 0 | @12001 @a建筑工程施工常见问题防治系列手册 |
| 606 | 0 | @a建筑装饰@Ajian zhu zhuang shi@x工程管理@x质量管理@j手册 |
| 690 | @aTU767-62@v4 | |
| 701 | 0 | @a杜逸玲@Adu yi ling@4主编 |
| 801 | 0 | @aCN@c20060926 |
| 905 | @a10447@dTU767-62@eD883 | |
| 建筑装饰装修工程/杜逸玲主编.-太原:山西科学技术出版社,2006.05 |
| 349页:图;21cm.-(建筑工程施工常见问题防治系列手册) |
| ISBN 7-5377-2610-8:CNY22.00 |
| 本书共十章,内容包括:地面工程、抹灰工程、门窗工程、吊顶工程、轻质隔墙工程、饰面板(砖)工程、玻璃幕墙工程、涂饰工程、裱糊与软包工程、细部工程等。 |
| ● |
| 相关链接 |
|
|
|
正题名:建筑装饰装修工程
索取号:TU767-62/D883
 
预约/预借
| 序号 | 登录号 | 条形码 | 馆藏地/架位号 | 状态 | 备注 |
| 1 | 596881 | 205968817 | 建筑库201/101建筑库 90排2列5层/ [索取号:TU767-62/D883] | 在馆 | |
| 2 | 596882 | 205968826 | 建筑库201/101建筑库 90排2列5层/ [索取号:TU767-62/D883] | 在馆 | |
| 3 | 596883 | 205968835 | 建筑库201/101建筑库 90排2列5层/ [索取号:TU767-62/D883] | 在馆 |